000 00325nam a2200133 4500
008 210519b ||||| |||| 00| 0 eng d
041 _aeng
080 _a004
082 _a004
100 _a28
101 _aSHKI
245 _aSucceding with Technology Computer System Concepts for Real Life
_cStair,R.M
942 _2ddc
_cBK
999 _c57513
_d57513